000 00683nam a2200229 i 4500
001 bg
100 1 _aBRAUNERT, Jörg
245 1 0 _aUnternehmen Deutsch :
_bAufbaukurs: Arbeitsbuch /
_cJörg Braunert, Wolfram Schlenker.
260 _aPoznań :
_bLektorklett,
_c2006.
300 _a174 s. :
_bil. ;
_c30 cm.
650 9 _aJęzyk niemiecki
655 _aPodręczniki akademickie
700 1 _aSCHLENKER, Wolfram
020 _a837429034X
040 _cBPK
041 0 _ager
080 _a811.112.2(075.8)
920 _a83-7429-034-X
942 _cKS
008 s pl f |000 0 pol
999 _c52115
_d52115
856 _uhttp://koha.tu.koszalin.pl/cgi-bin/koha/opac-detail.pl?biblionumber=52115
_yKatalog online BPK